=LDR 00000nam 2200000 4500 =001 INLIS000000000051971 =005 20180116012625 =035 ##$$a 0010-0118000159 =007 ta =008 180116###########################0###### =020 ##$$a 978 - 979 - 18029 - 2 =082 ##$$a 782 =084 ##$$a 782 TOP =245 ##$$a Top hits indonesia 4 =250 ##$$a cet.2 =260 ##$$a Yogyakarta :$b Cemerlang publishing,$c 2015 =300 ##$$a 124 hlm. : $b ilus ; $c 28 cm. =650 ##$$a Musik =990 ##$$a 08530853 =990 ##$$a 08530853 =990 ##$$a 08530853 =990 ##$$a 08530853 =990 ##$$a 08530853 =990 ##$$a 21705736 =990 ##$$a 01201800853 =990 ##$$a 01201800854 =990 ##$$a 01201800855 =990 ##$$a 01201800856 =990 ##$$a 21705737 =990 ##$$a 01201800853 =990 ##$$a 01201800854 =990 ##$$a 01201800855 =990 ##$$a 21705736 =990 ##$$a 21705738 =990 ##$$a 01201800853 =990 ##$$a 01201800854 =990 ##$$a 21705737 =990 ##$$a 21705736 =990 ##$$a 21705739 =990 ##$$a 01201800853 =990 ##$$a 21705738 =990 ##$$a 21705737 =990 ##$$a 21705736 =990 ##$$a 21705740 =990 ##$$a 21705739 =990 ##$$a 21705738 =990 ##$$a 21705737 =990 ##$$a 21705736